Tennisti primi in classifica ATP - Statistics

Statistiche generali
  • Questo quiz è stato fatto 325 volte
    261 dall'ultimo reset
  • Il punteggio medio è 81 su 117
Statistiche sulle risposte
Nazione Tennista Inizio Fine Settimane Totale settimane % Corretto
Spagna Carlos Alcaraz 12 settembre 2022 29 gennaio 2023 20 20
98%
Spagna Carlos Alcaraz 20 marzo 2023 2 aprile 2023 2 22
98%
Spagna Carlos Alcaraz 22 maggio 2023 11 giugno 2023 3 25
98%
Spagna Carlos Alcaraz 26 giugno 2023 10 settembre 2023 11 36
98%
Italia Jannik Sinner 10 giugno 2024 1 1
98%
Serbia Novak Đoković 4 luglio 2011 8 luglio 2012 53 53
97%
Serbia Novak Đoković 5 novembre 2012 6 ottobre 2013 48 101
97%
Serbia Novak Đoković 7 luglio 2014 6 novembre 2016 122 223
97%
Serbia Novak Đoković 5 novembre 2018 3 novembre 2019 52 275
97%
Serbia Novak Đoković 3 febbraio 2020 27 febbraio 2022 86[1][2] 361
97%
Serbia Novak Đoković 21 marzo 2022 12 giugno 2022 12 373
97%
Serbia Novak Đoković 30 gennaio 2023 19 marzo 2023 7 380
97%
Serbia Novak Đoković 3 aprile 2023 21 maggio 2023 7 387
97%
Serbia Novak Đoković 12 giugno 2023 25 giugno 2023 2 389
97%
Serbia Novak Đoković 11 settembre 2023 09 giugno 2024 40 428
97%
Spagna Rafael Nadal 18 agosto 2008 5 luglio 2009 46 46
97%
Spagna Rafael Nadal 7 giugno 2010 3 luglio 2011 56 102
97%
Spagna Rafael Nadal 7 ottobre 2013 6 luglio 2014 39 141
97%
Spagna Rafael Nadal 21 agosto 2017 18 febbraio 2018 26 167
97%
Spagna Rafael Nadal 2 aprile 2018 13 maggio 2018 6 173
97%
Spagna Rafael Nadal 21 maggio 2018 17 giugno 2018 4 177
97%
Spagna Rafael Nadal 25 giugno 2018 4 novembre 2018 19 196
97%
Spagna Rafael Nadal 4 novembre 2019 2 febbraio 2020 13 209
97%
Svizzera Roger Federer 2 febbraio 2004 17 agosto 2008 237 237
97%
Svizzera Roger Federer 6 luglio 2009 6 giugno 2010 48 285
97%
Svizzera Roger Federer 9 luglio 2012 4 novembre 2012 17 302
97%
Svizzera Roger Federer 19 febbraio 2018 1 aprile 2018 6 308
97%
Svizzera Roger Federer 14 maggio 2018 20 maggio 2018 1 309
97%
Svizzera Roger Federer 18 giugno 2018 24 giugno 2018 1 310
97%
Regno Unito Andy Murray 7 novembre 2016 20 agosto 2017 41 41
88%
Russia Daniil Medvedev 28 febbraio 2022 20 marzo 2022 3 3
86%
Russia Daniil Medvedev 13 giugno 2022 11 settembre 2022 13 16
86%
Stati Uniti Andre Agassi 10 aprile 1995 5 novembre 1995 30 30
84%
Stati Uniti Andre Agassi 29 gennaio 1996 11 febbraio 1996 2 32
84%
Stati Uniti Andre Agassi 5 luglio 1999 25 luglio 1999 3 35
84%
Stati Uniti Andre Agassi 13 settembre 1999 10 settembre 2000 52 87
84%
Stati Uniti Andre Agassi 28 aprile 2003 11 maggio 2003 2 89
84%
Stati Uniti Andre Agassi 16 giugno 2003 7 settembre 2003 12 101
84%
Svezia Björn Borg 23 agosto 1977 29 agosto 1977 1 1
84%
Svezia Björn Borg 9 aprile 1979 20 maggio 1979 6 7
84%
Svezia Björn Borg 9 luglio 1979 2 marzo 1980 34 41
84%
Svezia Björn Borg 24 marzo 1980 10 agosto 1980 20 61
84%
Svezia Björn Borg 18 agosto 1980 5 luglio 1981 46 107
84%
Svezia Björn Borg 20 luglio 1981 2 agosto 1981 2 109
84%
Stati Uniti John McEnroe 3 marzo 1980 23 marzo 1980 3 3
79%
Stati Uniti John McEnroe 11 agosto 1980 17 agosto 1980 1 4
79%
Stati Uniti John McEnroe 6 luglio 1981 19 luglio 1981 2 6
79%
Stati Uniti John McEnroe 3 agosto 1981 12 settembre 1982 58 64
79%
Stati Uniti John McEnroe 1 novembre 1982 7 novembre 1982 1 65
79%
Stati Uniti John McEnroe 15 novembre 1982 30 gennaio 1983 11 76
79%
Stati Uniti John McEnroe 7 febbraio 1983 13 febbraio 1983 1 77
79%
Stati Uniti John McEnroe 6 giugno 1983 12 giugno 1983 1 78
79%
Stati Uniti John McEnroe 4 luglio 1983 30 ottobre 1983 17 95
79%
Stati Uniti John McEnroe 12 dicembre 1983 8 gennaio 1984 4 99
79%
Stati Uniti John McEnroe 12 marzo 1984 10 giugno 1984 13 112
79%
Stati Uniti John McEnroe 18 giugno 1984 8 luglio 1984 3 115
79%
Stati Uniti John McEnroe 13 agosto 1984 18 agosto 1985 53 168
79%
Stati Uniti John McEnroe 26 agosto 1985 8 settembre 1985 2 170
79%
Stati Uniti Pete Sampras 12 aprile 1993 22 agosto 1993 19 19
73%
Stati Uniti Pete Sampras 13 settembre 1993 9 aprile 1995 82 101
73%
Stati Uniti Pete Sampras 6 novembre 1995 28 gennaio 1996 12 113
73%
Stati Uniti Pete Sampras 19 febbraio 1996 10 marzo 1996 3 116
73%
Stati Uniti Pete Sampras 14 aprile 1996 29 marzo 1998 102 218
73%
Stati Uniti Pete Sampras 27 aprile 1998 9 agosto 1998 15 233
73%
Stati Uniti Pete Sampras 24 agosto 1998 14 marzo 1999 29 262
73%
Stati Uniti Pete Sampras 29 marzo 1999 2 maggio 1999 5 267
73%
Stati Uniti Pete Sampras 14 giugno 1999 4 luglio 1999 3 270
73%
Stati Uniti Pete Sampras 2 agosto 1999 12 settembre 1999 6 276
73%
Stati Uniti Pete Sampras 11 settembre 2000 19 novembre 2000 10 286
73%
Cecoslovacchia Ivan Lendl 28 febbraio 1983 15 maggio 1983 11 11
59%
Cecoslovacchia Ivan Lendl 31 ottobre 1983 11 dicembre 1983 6 17
59%
Cecoslovacchia Ivan Lendl 9 gennaio 1984 11 marzo 1984 9 26
59%
Cecoslovacchia Ivan Lendl 11 giugno 1984 17 giugno 1984 1 27
59%
Cecoslovacchia Ivan Lendl 9 luglio 1984 12 agosto 1984 5 32
59%
Cecoslovacchia Ivan Lendl 19 agosto 1985 25 agosto 1985 1 33
59%
Cecoslovacchia Ivan Lendl 9 settembre 1985 11 settembre 1988 157 190
59%
Cecoslovacchia Ivan Lendl 30 gennaio 1989 12 agosto 1990 80 270
59%
Germania Boris Becker 28 gennaio 1991 17 febbraio 1991 3 3
58%
Germania Boris Becker 8 luglio 1991 8 settembre 1991 9 12
58%
Australia Lleyton Hewitt 19 novembre 2001 27 aprile 2003 75 75
54%
Australia Lleyton Hewitt 12 maggio 2003 15 giugno 2003 5 80
54%
Stati Uniti Jimmy Connors 29 luglio 1974 22 agosto 1977 160 160
50%
Stati Uniti Jimmy Connors 30 agosto 1977 8 aprile 1979 84 244
50%
Stati Uniti Jimmy Connors 21 maggio 1979 8 luglio 1979 7 251
50%
Stati Uniti Jimmy Connors 13 settembre 1982 31 ottobre 1982 7 258
50%
Stati Uniti Jimmy Connors 8 novembre 1982 14 novembre 1982 1 259
50%
Stati Uniti Jimmy Connors 31 gennaio 1983 6 febbraio 1983 1 260
50%
Stati Uniti Jimmy Connors 14 febbraio 1983 27 febbraio 1983 2 262
50%
Stati Uniti Jimmy Connors 16 maggio 1983 5 giugno 1983 3 265
50%
Stati Uniti Jimmy Connors 13 giugno 1983 3 luglio 1983 3 268
50%
Spagna Juan Carlos Ferrero 8 settembre 2003 2 novembre 2003 8 8
49%
Svezia Stefan Edberg 13 agosto 1990 27 gennaio 1991 24 24
49%
Svezia Stefan Edberg 18 febbraio 1991 7 luglio 1991 20 44
49%
Svezia Stefan Edberg 9 settembre 1991 9 febbraio 1992 22 66
49%
Svezia Stefan Edberg 23 marzo 1992 12 aprile 1992 3 69
49%
Svezia Stefan Edberg 14 settembre 1992 4 ottobre 1992 3 72
49%
Stati Uniti Andy Roddick 3 novembre 2003 1º febbraio 2004 13 13
46%
Romania Ilie Năstase 23 agosto 1973 2 giugno 1974 40 40
46%
Russia Marat Safin 20 novembre 2000 3 dicembre 2000 2 2
41%
Russia Marat Safin 29 gennaio 2001 25 febbraio 2001 4 6
41%
Russia Marat Safin 2 aprile 2001 22 aprile 2001 3 9
41%
Brasile Gustavo Kuerten 4 dicembre 2000 28 gennaio 2001 8 8
38%
Brasile Gustavo Kuerten 26 febbraio 2001 1º aprile 2001 5 13
38%
Brasile Gustavo Kuerten 23 aprile 2001 18 novembre 2001 30 43
38%
Svezia Mats Wilander 12 settembre 1988 28 gennaio 1989 20 20
35%
Stati Uniti Jim Courier 10 febbraio 1992 22 marzo 1992 6 6
27%
Stati Uniti Jim Courier 13 aprile 1992 13 settembre 1992 22 28
27%
Stati Uniti Jim Courier 5 ottobre 1992 11 aprile 1993 27 55
27%
Stati Uniti Jim Courier 23 agosto 1993 12 settembre 1993 3 58
27%
Austria Thomas Muster 12 febbraio 1996 18 febbraio 1996 1 1
27%
Austria Thomas Muster 11 marzo 1996 13 aprile 1996 5 6
27%
Spagna Carlos Moyá 15 marzo 1999 28 marzo 1999 2 2
26%
Cile Marcelo Ríos 30 marzo 1998 26 aprile 1998 4 4
26%
Cile Marcelo Ríos 10 agosto 1998 23 agosto 1998 2 6
26%
Russia Evgenij Kafel'nikov 3 maggio 1999 13 giugno 1999 6 6
20%
Australia Patrick Rafter 26 luglio 1999 1º agosto 1999 1 1
19%
Australia John Newcombe 3 giugno 1974 28 luglio 1974 8 8
18%
Nessun quiz corrispondente trovato
Distribuzione punteggi
Percentuale di utenti per punteggio
Percentile per numero di risposta
I tuoi punteggi nel tempo
Non hai fatto questo quiz dall'ultimo reset